00305nam a22001097a 4500082002700000100001900027245004000046260004800086300001600134526003700150650000800187 a519.4bKUNcL-2, P-40. aKaiser S. Kunz aNumerical AnalysiscS. Kunz, Kaiser aLondonbMcGraw-Hell Book Company, incc1957 ai-xv, 381p: a0b0c0d519_400000000000000_KUN aMCE